| 000 | 00371nam a2200121 4500 | ||
|---|---|---|---|
| 999 |
_c9607 _d9607 |
||
| 008 | 180711b ||||| |||| 00| 0 eng d | ||
| 100 |
_928533 _aFlores, Helen |
||
| 245 |
_aMore Pinoys ready to help Marawi siege victims- SWS/ _cHelen Flores |
||
| 260 |
_aPhilippines _bThe Philippine Star _cc2017 |
||
| 300 | _apage 14. | ||
| 650 | 0 |
_928534 _aPublic welfare. |
|
| 942 |
_2ddc _cPER |
||